Statistics for The Office (U.S.) Jim Halpert Trivia

Click here to take the quiz!

General Stats

  • This quiz has been taken 225 times
  • The average score is 5 of 14

Answer Stats

Hint Answer % Correct
The name of his daughter?Cecilia Halpert
94%
The name of his son?Philip Halpert
90%
The baseball team he supports?Philadelphia Phillies
61%
The America football team he supports?Philadelphia Eagles
61%
The basketball team he supports?Philadelphia 76ers
43%
The name of his brother (2)?Pete Halpert
34%
The name of his brother (1)?Tom Halpert
29%
His favourite food?Soft-shell crab
16%
The name of his sister?Larissa Halpert
10%
The only episodes of The Office Jim did not appear in (1)?Mafia
10%
The name of his niece?Vanessa Halpert
5%
The only episodes of The Office Jim did not appear in (2)?The Banker
5%
The name of his mother?Betsy Halpert
4%
The name of his father?Gerald Halpert
3%

Score Distribution

Percentile by Number Answered

Percent of People with Each Score

Your Score History

You have not taken this quiz